000 00941nam a22003017a 4500
003 CHAP
005 20220329141652.0
008 971013s1954 r 00010 d
010 _a71910
011 _a72882
035 _a82438
040 _cCHAP
082 _a199.72
_bG3
100 0 0 _aGaos, José.
_945578
245 _aFilosofía mexicana de nuestros días
260 _aMéxico, D.F. :
_bImprenta Universitaria,
_c1954
300 _a357 p.
490 _aImprenta Universitaria. Cultura mexicana, 10
590 _aBATCH-UPD
_b10
_c20130110
_lUCH01
_h0508
590 _aBATCH-UPD
_b10
_c20130410
_lUCH01
_h0146
590 _aBATCH-UPD
_b10
_c20130914
_lUCH01
_h1408
590 _aCONVERSION
_b10
_c20130109
_lUCH01
_h1339
650 1 4 _aFilosofía mexicana.
_940908
830 0 _aImprenta Universitaria. Cultura mexicana, 10
_957484
901 _aBK
942 _cLIBRO
949 _a199.72 G3
_bBC
_cLIBRO
_d33724000230892
_eLIBRO
_i82438
_si
999 _c71910
_d71910